|
|
|
|
| LEADER |
00000nam0a2200000 4500 |
| 001 |
55863 |
| 005 |
20231031052857.0 |
| 035 |
|
|
|a (RuTPU)RU\TPU\book\58633
|
| 090 |
|
|
|a 55863
|
| 100 |
|
|
|a 20030923d1981 km y0rusy50 ca
|
| 101 |
0 |
|
|a rus
|
| 102 |
|
|
|a RU
|
| 105 |
|
|
|a a g 001zy
|
| 200 |
1 |
|
|a Отечественные приемно-усилительные лампы и их зарубежные аналоги
|e Справочник
|f Б. В. Кацнельсон, А. С. Ларионов
|
| 205 |
|
|
|a 3-е изд., перераб. и доп.
|
| 210 |
|
|
|a Москва
|c Энергоиздат
|d 1981
|
| 215 |
|
|
|a 456 с.
|c ил.
|
| 320 |
|
|
|a Алф. указ. ламп: с. 453-454
|
| 610 |
1 |
|
|a электронные лампы
|
| 610 |
1 |
|
|a диоды
|
| 610 |
1 |
|
|a кенотроны
|
| 610 |
1 |
|
|a триоды
|
| 610 |
1 |
|
|a многоэлектродные лампы
|
| 610 |
1 |
|
|a комбинированные лампы
|
| 610 |
1 |
|
|a специальные лампы
|
| 610 |
1 |
|
|a зарубежные лампы
|
| 610 |
1 |
|
|a электронные лампы
|
| 610 |
1 |
|
|a справочные данные
|
| 610 |
1 |
|
|a справочники
|
| 675 |
|
|
|a 621.385.1(035)
|v 3
|
| 700 |
|
1 |
|a Кацнельсон
|b Б. В.
|g Борис Владимирович
|
| 701 |
|
1 |
|a Ларионов
|b А. С.
|g Алексей Степанович
|
| 801 |
|
1 |
|a RU
|b 63413507
|c 20030923
|g PSBO
|
| 801 |
|
2 |
|a RU
|b 63413507
|c 20210902
|g PSBO
|
| 942 |
|
|
|c BK
|